| 000 | 02196nam a2200325Ia 4500 | ||
|---|---|---|---|
| 001 | CRC0KE13591PDF | ||
| 003 | BD-DhSAU | ||
| 005 | 20151012144306.0 | ||
| 006 | m|||||o||d|||||||| | ||
| 007 | cr|||| | ||
| 008 | 121226s2013 fluadf sb 001 0 eng d | ||
| 020 | _a9781439874639 (ebook : PDF) | ||
| 040 |
_aBD-DhSAU _cBD-DhSAU |
||
| 090 |
_aQH509 _b.T73 2013 |
||
| 092 |
_a571.64 _bT772 |
||
| 245 | 0 | 0 |
_aTransport phenomena in biomedical engineering _h[electronic resource] : _bprinciples and practices / _cedited by Robert A. Peattie ... [et al.]. |
| 260 |
_aBoca Raton : _bCRC Press, _c2013. |
||
| 300 |
_a1 v. (various pagings) : _bill. (some col.). |
||
| 504 | _aIncludes bibliographical references and index. | ||
| 505 | 0 | _a1. Biomimetic systems : concepts, design, and emulation / Robert J. Fisher -- 2. Transport/reaction processes in biology and medicine / E.N. Lightfoot -- 3. Microvascular heat transfer / James W. Baish -- 4. Fluid dynamics for bio systems : fundamentals and model analysis / Robert A. Peattie and Robert J. Fisher -- 5. Animal surrogate systems / Michael L. Shuler ... [et al.] -- 6. Arterial wall mass transport : the possible role of blood phase resistance in the localization of arterial disease / John M. Tarbell and Yuchen Qiu -- 7. Transport phenomena and the microenvironment / Robert J. Fisher and Robert A. Peattie -- 8. Transport and drug delivery through the blood-brain barrier and cerebrospinal fluid / Bingmei M. Fu -- 9. Interstitial transport in the brain : principles for local drug / W. Mark Saltzman -- 10. Surfactant transport and fluid-structure interactions during pulmonary airway reopening / David Martin, Anne-Marie Jacob, and Donald P. Gaver III. | |
| 530 | _aAlso available in print edition. | ||
| 538 | _aMode of access: World Wide Web. | ||
| 650 | 0 | _aBiological transport. | |
| 650 | 0 | _aDrug delivery systems. | |
| 650 | 0 | _aHydrodynamics. | |
| 655 | 7 |
_aElectronic books. _2lcsh |
|
| 700 | 1 | _aPeattie, Robert A. | |
| 776 | 1 | _z9781439874622 (hardback : alk. paper) | |
| 856 | 4 | 0 |
_uhttp://marc.crcnetbase.com/isbn/9781439874639 _qapplication/PDF |
| 999 |
_c11867 _d11866 |
||